<?xml version="1.0" encoding="UTF-8"?>
<record
    xmlns:xsi="http://www.w3.org/2001/XMLSchema-instance"
    xsi:schemaLocation="http://www.loc.gov/MARC21/slim http://www.loc.gov/standards/marcxml/schema/MARC21slim.xsd"
    xmlns="http://www.loc.gov/MARC21/slim">

  <leader>01647nam a2200253   4500</leader>
  <controlfield tag="001">113320</controlfield>
  <controlfield tag="003">DR-UNIBE</controlfield>
  <controlfield tag="005">20250408062552.0</controlfield>
  <controlfield tag="008">250311b2022    sp ||||| |||| 00| 0 spa d</controlfield>
  <datafield tag="020" ind1=" " ind2=" ">
    <subfield code="a">9788491819400</subfield>
  </datafield>
  <datafield tag="040" ind1=" " ind2=" ">
    <subfield code="a">BIBLIOTECA UNIBE</subfield>
    <subfield code="c">BIBLIOTECA UNIBE</subfield>
    <subfield code="b">spa</subfield>
    <subfield code="e">rda</subfield>
  </datafield>
  <datafield tag="041" ind1=" " ind2=" ">
    <subfield code="a">spa</subfield>
  </datafield>
  <datafield tag="082" ind1=" " ind2=" ">
    <subfield code="a">370.7 M827ne</subfield>
  </datafield>
  <datafield tag="100" ind1=" " ind2=" ">
    <subfield code="a">Mora, Francisco </subfield>
    <subfield code="e">autor</subfield>
    <subfield code="9">193952</subfield>
  </datafield>
  <datafield tag="245" ind1="1" ind2="0">
    <subfield code="a">Neuroeducaci&#xF3;n y lectura : </subfield>
    <subfield code="b">de la emoci&#xF3;n a la comprensi&#xF3;n de las palabras /</subfield>
    <subfield code="c">Francisco Mora</subfield>
  </datafield>
  <datafield tag="260" ind1=" " ind2=" ">
    <subfield code="a">Madrid :</subfield>
    <subfield code="b"> Alianza Editorial, </subfield>
    <subfield code="c">2020</subfield>
  </datafield>
  <datafield tag="300" ind1=" " ind2=" ">
    <subfield code="a">211 p&#xE1;ginas : </subfield>
    <subfield code="b">ilustraciones</subfield>
  </datafield>
  <datafield tag="505" ind1=" " ind2=" ">
    <subfield code="a">1. Neuroeducaci&#xF3;n y lectura: la verdadera gran revoluci&#xF3;n humana  |
2. Una r&#xE1;pida mirada al cerebro  |
3. El largo camino entre el lenguaje y la lectura: una peque&#xF1;a historia  |
4. Desgranando la lectura en el cerebro  |
5. Plasticidad cerebral: caras luchando con palabras  |
6. Los c&#xF3;digos neuronales de la lectura: puntos, l&#xED;neas, curvas, letras y palabras |
7. De leer una palabra a entender su significado |
8. De la palabra a la frase y de esta al texto y su comprensi&#xF3;n  |
9. La emoci&#xF3;n de las palabras |
10. Aprendiendo a leer  |
11. Con un libro entre las manos: leyendo con fluidez  |
12. &#xBF;c&#xF3;mo lee una persona que no ve? &#xAB;recableando&#xBB; el cerebro |
13. &#xBF;Qu&#xE9; ocurre en el cerebro de los ni&#xF1;os que no leen bien? A la b&#xFA;squeda de intervenciones pl&#xE1;sticas tempranas  |
14. Cerebros, lecturas, internet, educaci&#xF3;n y belleza  |
</subfield>
  </datafield>
  <datafield tag="650" ind1=" " ind2="7">
    <subfield code="2">lemb</subfield>
    <subfield code="a">Innovaci&#xF3;n educativa</subfield>
    <subfield code="9">23990</subfield>
  </datafield>
  <datafield tag="650" ind1=" " ind2="7">
    <subfield code="2">lemb</subfield>
    <subfield code="a">Educaci&#xF3;n</subfield>
    <subfield code="9">157778</subfield>
  </datafield>
  <datafield tag="650" ind1=" " ind2="7">
    <subfield code="2">lemb</subfield>
    <subfield code="a">Ense&#xF1;anza</subfield>
    <subfield code="9">157779</subfield>
  </datafield>
  <datafield tag="653" ind1=" " ind2=" ">
    <subfield code="a">Neurociencia en educaci&#xF3;n</subfield>
  </datafield>
  <datafield tag="942" ind1=" " ind2=" ">
    <subfield code="2">ddc</subfield>
    <subfield code="c">BK</subfield>
  </datafield>
  <datafield tag="999" ind1=" " ind2=" ">
    <subfield code="c">113320</subfield>
    <subfield code="d">113320</subfield>
  </datafield>
  <datafield tag="952" ind1=" " ind2=" ">
    <subfield code="0">0</subfield>
    <subfield code="1">0</subfield>
    <subfield code="2">ddc</subfield>
    <subfield code="7">0</subfield>
    <subfield code="8">GEN</subfield>
    <subfield code="a">Principal</subfield>
    <subfield code="d">2025-03-11</subfield>
    <subfield code="l">1</subfield>
    <subfield code="o">370.7 M827ne</subfield>
    <subfield code="p">250177</subfield>
    <subfield code="r">2025-04-07 08:12:23</subfield>
    <subfield code="s">2025-03-25</subfield>
    <subfield code="t">Ej. 1</subfield>
    <subfield code="w">2025-03-11</subfield>
    <subfield code="y">BK</subfield>
  </datafield>
</record>
